000
00240nam a2200097Ia 4500
082
_a
EF HILL
245
0
_a
Can't let go
100
_a
Hill, Jane London, 2009
_9
80772
942
_c
BK
008
210817s9999 xx 000 0 und d
999
_c
388262
_d
388261